000 00695nam a2200289Ia 4500
005 20260324141321.0
008 008 260324s9999 xx 000 0 eng d
020 _a9780203975138
037 _aEBOOK
040 _aCRL
040 _beng
040 _cCRL
041 _2eng
041 _aeng
084 _qCRL
100 _aJohn J. Pigram; Salah Wahab
_91207741
245 0 _aTourism, Development and Growth
245 4 _bThe Challenge of Sustainability
260 _bTaylor and Francis
260 _c1997
365 _a
365 _b450
856 _uhttp://www.taylorfrancis.com/books/9780203975138
942 _cEBOOK
999 _c1810692
_d1810692